书目信息 |
| 题名: |
遗传学实验技术
|
|
| 作者: | 卢龙斗 , 常重杰 主编 | |
| 分册: | ||
| 出版信息: | 北京 科学出版社 2007.09 |
|
| 页数: | 255页 | |
| 开本: | 24cm | |
| 丛书名: | 21世纪生物科学基础课系列实验教材 | |
| 单 册: | ||
| 中图分类: | Q3-3 | |
| 科图分类: | ||
| 主题词: | 遗传学--yi chuan xue--实验--教材 | |
| 电子资源: | ||
| ISBN: | 978-7-03-019872-3 | |
| 000 | 01011nam 2200253 450 | |
| 001 | 012007455062 | |
| 005 | 20151222172632.75 | |
| 010 | @a978-7-03-019872-3@dCNY23.00 | |
| 100 | @a20071130d2007 km y0chiy0120 ea | |
| 101 | 0 | @achi |
| 102 | @aCN@b110000 | |
| 105 | @aa z 000yy | |
| 200 | 1 | @a遗传学实验技术@Ayi chuan xue shi yan ji shu@f卢龙斗, 常重杰主编@Flu long dou,chang zhong jie zhu bian |
| 210 | @a北京@c科学出版社@d2007.09 | |
| 215 | @a255页@c图@d24cm | |
| 225 | 2 | @a21世纪生物科学基础课系列实验教材@A21 shi ji sheng wu ke xue ji chu ke xi lie shi yan jiao cai |
| 330 | @a本书包括基础性实验、设计与创新性实验和综合性实验三部分,涵盖动、植物学和微生物学的细胞遗传、生化遗传、分子遗传和群体遗传等方面内容,共43个实验。 | |
| 410 | 0 | @12001 @a21世纪生物科学基础课系列实验教材 |
| 606 | 0 | @a遗传学@Ayi chuan xue@x实验@j教材 |
| 690 | @aQ3-3@v4 | |
| 701 | 0 | @a卢龙斗@Alu long dou@4主编 |
| 701 | 0 | @a常重杰@Achang zhong jie@4主编 |
| 801 | 0 | @aCN@bQSSK@c20110401 |
| 905 | @b268643-44@dQ3-3@eL786@f2 | |
| 遗传学实验技术/卢龙斗, 常重杰主编.-北京:科学出版社,2007.09 |
| 255页:图;24cm.-(21世纪生物科学基础课系列实验教材) |
| ISBN 978-7-03-019872-3:CNY23.00 |
| 本书包括基础性实验、设计与创新性实验和综合性实验三部分,涵盖动、植物学和微生物学的细胞遗传、生化遗传、分子遗传和群体遗传等方面内容,共43个实验。 |
| ● |
| 相关链接 |
|
|
|
正题名:遗传学实验技术
索取号:Q3-3/L786
 
预约/预借
| 序号 | 登录号 | 条形码 | 馆藏地/架位号 | 状态 | 备注 |
| 1 | 1235422 | 212354227 | 生命科学与工程学院资料室/ [索取号:Q3-3/L786] | 在馆 | |
| 2 | 268643 | 202686432 | 自科库401/401自科库 27排2列1层/ [索取号:Q3-3/L786] | 在馆 | |
| 3 | 268644 | 202686441 | 自科库401/401自科库 27排2列1层/ [索取号:Q3-3/L786] | 在馆 | |
| 4 | 464004 | 204640040 | 自科二线504/110考试书库 3排2列4层/ [索取号:Q3-3/L786] | 在馆 | |
| 5 | 464005 | 204640059 | 自科库401/401自科库 27排2列1层/ [索取号:Q3-3/L786] | 在馆 | |
| 6 | 464006 | 204640068 | 自科二线504/504自科库 43排1列5层/ [索取号:Q3-3/L786] | 在馆 | |
| 7 | 464007 | 204640077 | 自科二线504/504自科库 43排1列5层/ [索取号:Q3-3/L786] | 在馆 | |
| 8 | 464008 | 204640086 | 自科二线504/504自科库 43排1列5层/ [索取号:Q3-3/L786] | 在馆 | |
| 9 | 464009 | 204640095 | 自科二线504/504自科库 43排1列6层/ [索取号:Q3-3/L786] | 在馆 | |
| 10 | 464010 | 204640102 | 自科二线504/504自科库 43排1列6层/ [索取号:Q3-3/L786] | 在馆 | |
| 11 | 464922 | 204649229 | 自科库401/401自科库 26排4列1层/ [索取号:Q3-3/L786] | 在馆 | |
| 12 | 473410 | 204734109 | 自科二线504/504自科库 42排1列6层/ [索取号:Q3-3/L786] | 在馆 | |
| 13 | 473411 | 204734118 | 自科二线504/110考试书库 2排1列5层/ [索取号:Q3-3/L786] | 在馆 | |
| 14 | 473412 | 204734127 | 自科二线504/504自科库 43排1列6层/ [索取号:Q3-3/L786] | 在馆 | |
| 15 | 473413 | 204734136 | 自科二线504/504自科库 43排1列6层/ [索取号:Q3-3/L786] | 在馆 | |
| 16 | 473414 | 204734145 | 自科二线504/504自科库 43排1列6层/ [索取号:Q3-3/L786] | 在馆 | |
| 17 | 473415 | 204734154 | 自科二线504/504自科库 43排3列6层/ [索取号:Q3-3/L786] | 在馆 | |
| 18 | 473416 | 204734163 | 自科二线504/504自科库 43排3列6层/ [索取号:Q3-3/L786] | 在馆 | |
| 19 | 473417 | 204734172 | 自科二线504/110考试书库 2排1列5层/ [索取号:Q3-3/L786] | 在馆 | |
| 20 | 473418 | 204734181 | 自科二线504/504自科库 43排6列1层/ [索取号:Q3-3/L786] | 在馆 | |
| 21 | 474950 | 204749503 | 自科二线504/504自科库 43排6列1层/ [索取号:Q3-3/L786] | 在馆 | |
| 22 | 490067 | 204900679 | 自科二线504/504自科库 21排2列5层/ [索取号:Q3-3/L786] | 在馆 | |
| 23 | 490068 | 204900688 | 自科二线504/504自科库 21排2列3层/ [索取号:Q3-3/L786] | 在馆 | |
| 24 | 490069 | 204900697 | 自科二线504/504自科库 21排2列3层/ [索取号:Q3-3/L786] | 在馆 | |
| 25 | 490070 | 204900704 | 自科二线504/504自科库 21排2列3层/ [索取号:Q3-3/L786] | 在馆 | |
| 26 | 490071 | 204900713 | 自科二线504/504自科库 21排2列3层/ [索取号:Q3-3/L786] | 在馆 |